El peligro haitiano / (Registro nro. 13768)

Detalles MARC
000 -LEADER
fixed length control field 00836nam a22002537a 4500
003 - CONTROL NUMBER IDENTIFIER
control field DO-SdBNP
005 - DATE AND TIME OF LATEST TRANSACTION
control field 20220221113018.0
008 - FIXED-LENGTH DATA ELEMENTS--GENERAL INFORMATION
fixed length control field 210825b2018 dr 00| 0 spa d
020 ## - INTERNATIONAL STANDARD BOOK NUMBER
International Standard Book Number 9789934169331
040 ## - CATALOGING SOURCE
Original cataloging agency DO-SdBNP
Language of cataloging spa
Transcribing agency BPMSU
082 ## - DEWEY DECIMAL CLASSIFICATION NUMBER
Classification number 325.2097293
Item number Y91p 2010
Edition number 22
100 1# - MAIN ENTRY--PERSONAL NAME
Personal name Ysalguez, Hugo
245 13 - TITLE STATEMENT
Title El peligro haitiano /
Statement of responsibility, etc. Hugo Ysalguez ; prólogo José Miguel Soto Jiménez
260 ## - PUBLICATION, DISTRIBUTION, ETC. (IMPRINT)
Place of publication, distribution, etc. Santo Domingo :
Name of publisher, distributor, etc. Búho ;
Date of publication, distribution, etc. 2018.
300 ## - PHYSICAL DESCRIPTION
Extent 254 p. ;
Dimensions 23 cm.
500 ## - GENERAL NOTE
General note Incluye datos biográficos del autor en la solapa de la cubierta
590 ## - LOCAL NOTE (RLIN)
Local note Inventariado, 2021/VM
650 #4 - SUBJECT ADDED ENTRY--TOPICAL TERM
Topical term or geographic name as entry element Haitianos en República Dominicana.
651 #4 - SUBJECT ADDED ENTRY--GEOGRAPHIC NAME
Geographic name Haití
General subdivision Emigración e inmigración
Geographic subdivision República Dominicana
700 1# - ADDED ENTRY--PERSONAL NAME
Personal name Soto Jiménez, José Miguel
Dates associated with a name 1954-
Relator term pról.
856 ## - ELECTRONIC LOCATION AND ACCESS
Host name
910 ## - USER-OPTION DATA (OCLC)
User-option data VMateo V.
942 ## - ADDED ENTRY ELEMENTS (KOHA)
Source of classification or shelving scheme Dewey Decimal Classification
Koha item type Libros
Existencias
Withdrawn status Lost status Source of classification or shelving scheme Damaged status Not for loan Collection code Home library Current library Date acquired Source of acquisition Total Checkouts Full call number Barcode Date last seen Price effective from Koha item type
    Dewey Decimal Classification     Colección Dominicana Biblioteca Pública Metropolitana Salomé Ureña Biblioteca Pública Metropolitana Salomé Ureña 10/06/2021 Editora Búho   BPMSU CD 325.2097293 Y91p 2010 BPMSU21100058 10/06/2021 10/06/2021 Libros